The Succession Act: (Record no. 586959)

000 -LEADER
fixed length control field 00371nam a22001337a 4500
082 ## - DEWEY DECIMAL CLASSIFICATION NUMBER
Classification number 346.052 MAL
100 ## - MAIN ENTRY--PERSONAL NAME
Personal name Malik, M.A.
245 ## - TITLE STATEMENT
Title The Succession Act:
Remainder of title With Commentary /
Statement of responsibility, etc. M.A. Malik
260 ## - PUBLICATION, DISTRIBUTION, ETC.
Place of publication, distribution, etc. Lahore :
Name of publisher, distributor, etc. P.L.D. Publishers,
Date of publication, distribution, etc. 2016.
300 ## - PHYSICAL DESCRIPTION
Extent 232 p. ;
Dimensions 24 cm.
942 ## - ADDED ENTRY ELEMENTS (KOHA)
Source of classification or shelving scheme
Koha item type Book
Holdings
Withdrawn status Lost status Source of classification or shelving scheme Damaged status Not for loan Permanent Location Current Location Shelving location Date acquired Source of acquisition Full call number Barcode Date last seen Price effective from Koha item type Total Checkouts
          NUST Law School (NLS) NUST Law School (NLS) Law 12/02/2021 Federal Law House 346.052 MAL CL-776 12/02/2021 12/02/2021 Book  
          NUST Law School (NLS) NUST Law School (NLS)   03/19/2025   346.052 MAL NLS-1547 03/19/2025 03/19/2025 Book  
          NUST Law School (NLS) NUST Law School (NLS)   03/19/2025   346.052 MAL NLS-1548 03/19/2025 03/19/2025 Book  
          NUST Law School (NLS) NUST Law School (NLS)   06/29/2025   346.052 MAL NLS-3077 06/29/2025 06/29/2025 Book  
          NUST Law School (NLS) NUST Law School (NLS)   06/29/2025   346.052 MAL NLS-3078 06/29/2025 06/29/2025 Book  
          NUST Law School (NLS) NUST Law School (NLS)   06/29/2025   346.052 MAL NLS-3079 06/29/2025 06/29/2025 Book  
© 2023 Central Library, National University of Sciences and Technology. All Rights Reserved.